000 00452nam a2200181Ia 4500
003 GCL
008 140319s9999 xx 000 0 eng d
040 _aGCL /
_cGCL
082 0 4 _a616
_bS A
100 1 _aSHAPIRO, COLIN M
245 1 0 _aABC OF SLEEP DISORDERS /
_cSHAPIRO, COLIN M
260 _a[S.N] :
_bBMJ PUBLISHING GROUP ،
_c1993
300 _a90
650 0 4 _aDISEASES
650 0 4 _aMEDICINE
650 0 4 _aSLEEP DISORDERS
942 _2ddc
_cBK
999 _c10933
_d10933